Estudios sobre ecología y capital /
Estudio teórico que trata de establecer los vínculos del análisis de las condiciones ecológicas y la historia del desarrollo del capital, dado que la Ecología como disciplina científica contribuye al estudio histórico de las relaciones entre las formaciones sociales y su ambiente. Analiza la influe...
Kaydedildi:
| Yazar: | |
|---|---|
| Müşterek Yazar: | |
| Materyal Türü: | Konferans Sunumu Kitap |
| Dil: | Spanish |
| Konular: | |
| Etiketler: |
Etiketle
Etiket eklenmemiş, İlk siz ekleyin!
|
MARC
| LEADER | 00000nam a22000007a 4500 | ||
|---|---|---|---|
| 003 | cru CIDCACS/IIS | ||
| 005 | 20210420120629.0 | ||
| 007 | ta | ||
| 008 | 170213s1989 cr ||||| |||| 00| 0 spa d | ||
| 040 | |c cru CIDCACS/IIS | ||
| 090 | |a REV0467 (49) | ||
| 100 | 1 | |9 2556 |a Leff, Enrique | |
| 245 | 1 | |a Estudios sobre ecología y capital / |c Enrique Leff | |
| 300 | |a páginas 49-78 | ||
| 500 | |a Capítulos II, III y IV del libro "Ecología y Capital" | ||
| 500 | |a Colección Centroamérica | ||
| 520 | |a Estudio teórico que trata de establecer los vínculos del análisis de las condiciones ecológicas y la historia del desarrollo del capital, dado que la Ecología como disciplina científica contribuye al estudio histórico de las relaciones entre las formaciones sociales y su ambiente. Analiza la influencia de los aspectos ecológicos y geográficos del espacio económico en la división del trabajo y en las prácticas productivas de las sociedades. Parte del materialismo histórico como método de análisis y trata de demostrar qué planteamientos ecológicos modernos se han convertido en condición necesaria para la supervivencia del capital. MR/JM | ||
| 650 | 4 | |9 2557 |a CAPITAL | |
| 650 | 1 | 0 | |9 341 |a MEDIO AMBIENTE |
| 650 | 1 | 0 | |9 2020 |a ECOLOGIA |
| 650 | 1 | 0 | |9 26 |a SOCIEDAD |
| 711 | |9 2548 |a Seminario Centroamericano Universidad y Medio Ambiente |d julio 1985 | ||
| 773 | 0 | |0 18875 |9 263 |a Universidad de Costa Rica. |d San José, Costa Rica Universidad de Costa Rica. Consejo Superior Universitario Centroamericano |o MFN0018 |t Estudios Sociales Centroamericanos / |x 03039676 | |
| 942 | |2 ddc |c PP | ||
| 999 | |c 18879 |d 18879 | ||
